000 00547nam a2200217Ia 4500
003 OSt
005 20220928145529.0
006 a|||||r|||| 00| 0
007 ta
008 220927b |||||||| |||| 00| 0 eng d
024 _a81021
037 _cTextual
040 _aSDCL
_cSDCL
_beng
041 _2eng
_aeng
082 _aV1:19'N, N8
100 _aClemens Walter C
_9513253
245 0 _aDynamics of international relations
260 _c1998
942 _hV1:19'N, N8
_cTEXL
_2CC
999 _c833900
_d833900